• 首页
  • 本馆介绍
  • 公告通知
  • 最新文献
  • 馆藏检索
  • 电子资源
  • 读者导购
  • 参考咨询
  • 我的图书馆
  • 登录
  • 详细信息显示
  • 放入我的书架
  • 预约/预借图书
  • 作者相关作品
  • 分类相关作品
  • 丛书相关作品
  • 出版社相关作品

书目信息

  • 表格格式
  • 工作单格式
  • 卡片格式
题名:
亚洲地区机场运行管理法律法规汇编
    
 
作者: ;北京首都国际机场股份公司 编
分册:  
出版信息: 北京   中国政法大学出版社  2015
页数: 429页
开本: 23cm
丛书名:
单 册:
中图分类: D930.229.6
科图分类:
主题词: 机场管理--ji chang guan li--法规--亚洲--汇编
电子资源:
ISBN: 978-7-5620-5299-9
000 00879nam0 22002291 450
001 1730303483
005 20170525101513.0
010    @a978-7-5620-5299-9@dCNY68.00
100    @a20150630d2015 em y0chiy50 ea
101 0  @achi@aeng@ajpn@akor
102    @aCN@b110000
105    @ay z 000yy
106    @ar
200 1  @a亚洲地区机场运行管理法律法规汇编@Aya zhou di qu ji chang yun hang guan li fa lv fa gui hui bian@f北京首都国际机场股份有限公司编
210    @a北京@c中国政法大学出版社@d2015
215    @a429页@d23cm
330    @a本书展示了新加坡樟宜机场、日本成田机场、韩国仁川机场、中国香港机场优越的外部法律环境。
606 0  @a机场管理@Aji chang guan li@x法规@y亚洲@j汇编
690    @aD930.229.6@v5
711 02 @a北京首都国际机场股份公司@Abei jing shou du guo ji ji chang gu fen gong si@4编
801  0 @aCN@bTANG WEI@c20170523
905    @b0969023-7@dD930.229.6@e129@f5
    
    亚洲地区机场运行管理法律法规汇编/北京首都国际机场股份有限公司编 .-北京:中国政法大学出版社,2015
    429页;23cm
    
    
    ISBN 978-7-5620-5299-9:CNY68.00
    本书展示了新加坡樟宜机场、日本成田机场、韩国仁川机场、中国香港机场优越的外部法律环境。
●
相关链接 在E读中查询图书 在五车中查询图书 在当当中查询图书 在豆瓣中查询图书


正题名:亚洲地区机场运行管理法律法规汇编     索取号:D930.229.6/129         预约/预借

序号 登录号 条形码 馆藏地/架位号 状态 备注
1 0969023   209690235   第一样本阅览室/ [索取号:D930.229.6/129] 在馆    
2 0969024   209690244   密集书库-史法系/ [索取号:D930.229.6/129] 在馆    
3 0969025   209690253   第一借阅区/ [索取号:D930.229.6/129] 在馆    
4 0969026   209690262   第一借阅区/ [索取号:D930.229.6/129] 在馆    
5 0969027   209690271   第一借阅区/ [索取号:D930.229.6/129] 在馆    
唐山师范学院图书馆 欢迎您!
大连网信软件有限公司© 版权所有